Sustainability, water use and economic incentives : (Record no. 143910)

MARC details
000 -LEADER
fixed length control field 00625nam a22001937a 4500
005 - DATE AND TIME OF LATEST TRANSACTION
control field 20170831104403.0
010 ## - LCCN (DPL NO)
LC control number ENG-120190
020 ## - INTERNATIONAL STANDARD BOOK NUMBER
International Standard Book Number 8171021824
Terms of availability 500.00
035 ## - SYSTEM CONTROL NUMBER
System control number EN-103722
037 ## - SOURCE OF ACQUISITION
Source of stock number/acquisition DBAD/PUB
082 ## - DEWEY DECIMAL CLASSIFICATION NUMBER
Classification number 632.152
100 ## - MAIN ENTRY--PERSONAL NAME
Personal name Ghosh, Manojit
245 ## - TITLE STATEMENT
Title Sustainability, water use and economic incentives :
Remainder of title a case for greater Kolkata /
Statement of responsibility, etc by Manojit Ghosh
260 ## - PUBLICATION, DISTRIBUTION, ETC. (IMPRINT)
Place of publication, distribution, etc Kolkata
Name of publisher, distributor, etc Firma KLM
Date of publication, distribution, etc 2016
270 ## - ADDRESS
Address 257B, Bipin Behari Ganguly Street
City Kolkata
Postal code 700012
300 ## - PHYSICAL DESCRIPTION
Extent 271p.
Dimensions 21cm(Hb)
500 ## - GENERAL NOTE
General note Includes bibliographical reference
942 ## - ADDED ENTRY ELEMENTS (KOHA)
Source of classification or shelving scheme Dewey Decimal Classification
Item type English Books
Classification part 632.152
Call number suffix GHO
Holdings
Withdrawn status Lost status Not for loan Collection code Home library Current library Date acquired Source of acquisition Cost, normal purchase price Full call number Barcode Copy number Cost, replacement price Koha item type
    Not For Loan Non-fiction D.B.Act.Division D.B.Act.Division 30/08/2017 DBAD/PUB 500.00 632.152 GHO EN-103722 1 500.00 English Books

© Delhi Public Library
Hit Counter
free hit counter